Normal view
MARC view
Entry Topical Term
001 - CONTROL NUMBER
- control field: 14387
003 - CONTROL NUMBER IDENTIFIER
- control field: BD-RjUL
005 - DATE AND TIME OF LATEST TRANSACTION
- control field: 20241124105625.0
008 - FIXED-LENGTH DATA ELEMENTS
- fixed length control field: 241124|| aca||aabn | a|a d
040 ## - CATALOGING SOURCE
- Original cataloging agency: BD-RjUL
- Transcribing agency: BD-RjUL
150 ## - HEADING--TOPICAL TERM
- Topical term or geographic name entry element: চলচ্চিত্রের
670 ## - SOURCE DATA FOUND
- Source citation: Work cat.: (BD-RjUL)84350: আসাদ, মো. ইমরুল 14386, বাংলা চলচ্চিত্রের ভাষা : , ২০২৩